000 00571nam a2200229Ia 4500
003 OSt
005 20221006165138.0
006 a|||||r|||| 00| 0
007 ta
008 221006b |||||||| |||| 00| 0 eng d
024 _a3,085
037 _cTextual
040 _aFML
_cFML
_beng
041 _2eng
_aeng
082 _aY:1.571, K2
100 _aStnberger F Au.
_9679189
245 0 _aSweden
260 _aLondon
_bThames & Hudson
_c1962
300 _a229
_ccm.
942 _hY:1.571, K2
_cTEXL
_2CC
999 _c1119776
_d1119776